<?xml version="1.0" encoding="UTF-8"?>
<record
    xmlns:xsi="http://www.w3.org/2001/XMLSchema-instance"
    xsi:schemaLocation="http://www.loc.gov/MARC21/slim http://www.loc.gov/standards/marcxml/schema/MARC21slim.xsd"
    xmlns="http://www.loc.gov/MARC21/slim">

  <leader>01579nkc a22002657a 4500</leader>
  <controlfield tag="001">85798</controlfield>
  <controlfield tag="005">20260417141025.0</controlfield>
  <controlfield tag="007">kh boc</controlfield>
  <controlfield tag="008">260414s1867    sp ||||| |||| |0| i|spa d</controlfield>
  <datafield tag="040" ind1=" " ind2=" ">
    <subfield code="a">M-RABA</subfield>
    <subfield code="b">spa</subfield>
    <subfield code="c">M-RABA</subfield>
  </datafield>
  <datafield tag="245" ind1="0" ind2="1">
    <subfield code="a">[Monasterio de Ripoll</subfield>
    <subfield code="b">: vistas de la portada y del claustro]</subfield>
    <subfield code="h">[Material gr&#xE1;fico]</subfield>
  </datafield>
  <datafield tag="260" ind1=" " ind2=" ">
    <subfield code="c">[ca. 1885]</subfield>
  </datafield>
  <datafield tag="300" ind1=" " ind2=" ">
    <subfield code="a">2 fotograf&#xED;as</subfield>
    <subfield code="b">: alb&#xFA;mina</subfield>
    <subfield code="c">; imagen 16,5 x 22 cm </subfield>
    <subfield code="c">; soporte secundario 24,5 x 33 cm </subfield>
  </datafield>
  <datafield tag="500" ind1="0" ind2="0">
    <subfield code="a">Conjunto de 2 fotograf&#xED;as del Monasterio de Santa Mar&#xED;a de Ripoll (Gerona, Catalu&#xF1;a) que representan la portada monumental de la Iglesia y una vista del claustro.</subfield>
  </datafield>
  <datafield tag="500" ind1="0" ind2="0">
    <subfield code="a">Las fotograf&#xED;as pueden pertenecer a la &#xFA;ltima fase de restauraci&#xF3;n del monasterio, iniciada a partir de 1885, cuando se consigui&#xF3; la cesi&#xF3;n completa de la iglesia y del claustro. </subfield>
  </datafield>
  <datafield tag="500" ind1="0" ind2="0">
    <subfield code="a">Fechas tomadas de las ampliaciones comenzadas en 1867.</subfield>
  </datafield>
  <datafield tag="588" ind1=" " ind2=" ">
    <subfield code="a">Fecha probable tomada de las informaciones sobre las restauraciones. (https://www.monestirderipoll.cat/)</subfield>
  </datafield>
  <datafield tag="610" ind1="2" ind2="7">
    <subfield code="a">Monasterio de Santa Mar&#xED;a de Ripoll (Gerona, Espa&#xF1;a)</subfield>
    <subfield code="9">6240</subfield>
  </datafield>
  <datafield tag="651" ind1=" " ind2="7">
    <subfield code="a">Ripoll (Gerona, Espa&#xF1;a)</subfield>
    <subfield code="9">40083</subfield>
  </datafield>
  <datafield tag="655" ind1=" " ind2="0">
    <subfield code="a">Fotograf&#xED;as de monumentos</subfield>
    <subfield code="9">111580</subfield>
  </datafield>
  <datafield tag="852" ind1=" " ind2=" ">
    <subfield code="j">Fot-637; Fot-638</subfield>
  </datafield>
  <datafield tag="856" ind1=" " ind2=" ">
    <subfield code="u">https://archivoybiblioteca.realacademiabellasartessanfernando.com/cgi-bin/koha/opac-retrieve-file.pl?id=01cfa45809f9acc22a3925eeefc8af94</subfield>
    <subfield code="y">Fot-637</subfield>
  </datafield>
  <datafield tag="856" ind1=" " ind2=" ">
    <subfield code="u">https://archivoybiblioteca.realacademiabellasartessanfernando.com/cgi-bin/koha/opac-retrieve-file.pl?id=8689b2e87863a81531adfee0cf3b2d70</subfield>
    <subfield code="y">Fot-638</subfield>
  </datafield>
  <datafield tag="942" ind1=" " ind2=" ">
    <subfield code="c">FOTOGRAF&#xCD;A</subfield>
    <subfield code="n">0</subfield>
  </datafield>
  <datafield tag="952" ind1=" " ind2=" ">
    <subfield code="0">0</subfield>
    <subfield code="1">0</subfield>
    <subfield code="2">ddc</subfield>
    <subfield code="4">0</subfield>
    <subfield code="7">0</subfield>
    <subfield code="8">FOTOGRAFIA</subfield>
    <subfield code="a">RABASF</subfield>
    <subfield code="b">RABASF</subfield>
    <subfield code="c">DP2</subfield>
    <subfield code="d">2026-04-14</subfield>
    <subfield code="l">0</subfield>
    <subfield code="o">Fot-637</subfield>
    <subfield code="p">1096903</subfield>
    <subfield code="r">2026-04-14 11:23:56</subfield>
    <subfield code="w">2026-04-14</subfield>
    <subfield code="y">FOTOGRAF&#xCD;A</subfield>
  </datafield>
  <datafield tag="952" ind1=" " ind2=" ">
    <subfield code="0">0</subfield>
    <subfield code="1">0</subfield>
    <subfield code="2">ddc</subfield>
    <subfield code="4">0</subfield>
    <subfield code="7">0</subfield>
    <subfield code="8">FOTOGRAFIA</subfield>
    <subfield code="a">RABASF</subfield>
    <subfield code="b">RABASF</subfield>
    <subfield code="c">DP2</subfield>
    <subfield code="d">2026-04-14</subfield>
    <subfield code="l">0</subfield>
    <subfield code="o">Fot-638</subfield>
    <subfield code="p">1096904</subfield>
    <subfield code="r">2026-04-14 11:23:56</subfield>
    <subfield code="w">2026-04-14</subfield>
    <subfield code="y">FOTOGRAF&#xCD;A</subfield>
  </datafield>
  <datafield tag="999" ind1=" " ind2=" ">
    <subfield code="c">85798</subfield>
    <subfield code="d">85798</subfield>
  </datafield>
</record>
